La Banca en España en el período de entreguerras, 1920-1935 : un modelo de modernización y crecimiento / José Víctor Arroyo Martín. un modelo de modernización y crecimiento / José Víctor Arroyo Martín.
Descripción Física:
303 p. : il., taules, gràf. ; 31 cm
Materias:
Bancs -- Espanya -- 1920/1935
MARC
| LEADER | 00000nam a2200000Ia 4500 | ||
|---|---|---|---|
| 001 | 15931 | ||
| 008 | 160829s2003 xx 000 0 cat d | ||
| 080 | |a FOL-2-64 | ||
| 100 | |a Arroyo, J. Víctor |9 23811 | ||
| 245 | |a La Banca en España en el período de entreguerras, 1920-1935 : |b un modelo de modernización y crecimiento / José Víctor Arroyo Martín. | ||
| 260 | |a Bilbao : |b BBVA, Archivo Histórico, |c 2003 | ||
| 300 | |a 303 p. : |b il., taules, gràf. ; |c 31 cm | ||
| 490 | |a Informaciones: Cuadernos de archivo ; 5a época, año 11, no. 72-75 (enero./dic. 2003) | ||
| 590 | |a Bibliografia p. 295-300 | ||
| 650 | |a Bancs |x Espanya |x 1920/1935 |9 37185 | ||
| 901 | |a Arxiu | ||
| 942 | |n 1 | ||
| 952 | |0 0 |1 0 |4 0 |6 FOL264 |7 1 |9 47736 |a Arxiu |b Arxiu |d 2016-12-01 |l 0 |o FOL-2-64 |p 15931 |r 2016-12-01 00:00:00 |w 2016-12-01 |y ARXIU | ||
| 999 | |c 51535 |d 51535 | ||